| 000 | 01828nam a2200421 c 4500 | ||
|---|---|---|---|
| 999 |
_c165732 _d165732 |
||
| 003 | BLK | ||
| 005 | 20220209141100.0 | ||
| 008 | 180410b bul|||||r ||||||| ||bul|| | ||
| 010 | _aKNG00173367000 | ||
| 040 | _aBLK | ||
| 041 |
_aBUL _cBUL |
||
| 072 | 7 |
_2bullib _aК _xКраезнание |
|
| 080 |
_aОрганизация на възпитанието и образованието. Училищно дело. _b37.09 _x(092) _z37.09(092) |
||
| 080 |
_aПалеонтология _b56 _x(092) _z56(092) |
||
| 080 |
_aПалеонтолог _b929 Халваджиев, Михаил _z929 Халваджиев, Михаил |
||
| 100 | 1 |
_aЖелков, Желко Стоянов _eпърви автор _968179 |
|
| 139 |
_aЖелков, Желко Стоянов _bХ 23 |
||
| 245 | 1 | 0 |
_aУчител и научен работник _cЖелко Стоянов Желков. |
| 257 | _aBGR | ||
| 260 |
_bПрофиздат _c1965 |
||
| 300 |
_a60 с. _c18 см |
||
| 380 | _a3 | ||
| 490 | 1 |
_aДа следваме челниците _v13 |
|
| 500 | _aИзд. на Съюза на бълг. учители. - 5 100 тир. - Очерк за учителската дейност и палеонтологическите изследвания на Михаил Халваджиев | ||
| 600 | 1 | 4 |
_aХалваджиев, Михаил _9336865 |
| 650 | 4 |
_aПалеонтолози _9165556 |
|
| 650 | 4 |
_aУчители - България _9272881 |
|
| 651 | 4 |
_aБългария _9241624 |
|
| 651 | 4 |
_aРусе _9179462 |
|
| 653 | _aучители | ||
| 653 | _aпалеонтология | ||
| 659 | _aК | ||
| 852 | _aЦб І 8037 | ||
| 852 | _aК 37.09/Х 23 | ||
| 856 | 4 | _qpdf | |
| 856 | 4 | _qpdf | |
| 942 |
_cKNG _n0 _s1 |
||
| 944 |
_aCR _c20.03.2015 _l20.03.2015 - от С1,Р / 20.03.2015 _kВаля_Йорданова |
||
| 944 |
_aED _c20.03.2015 _l20.03.2015 - от С1,Р / 20.03.2015 |
||
| 999 | _d165732 | ||